LIBRARY & INFORMATION CENTRE, KCAET, TAVANUR

ONLINE PUBLIC ACCESS CATALOGUE (OPAC)

Malabar vol-1 / (Record no. 8876)

MARC details
000 -LEADER
fixed length control field 00290cam a2200121ua 4500
082 ## - DEWEY DECIMAL CLASSIFICATION NUMBER
Classification number 954.83
Item number LOG/MA
100 ## - MAIN ENTRY--AUTHOR NAME
Personal name Logan, Willaim .
245 ## - TITLE STATEMENT
Title Malabar vol-1 /
250 ## - EDITION STATEMENT
Edition statement 1 /
260 ## - PUBLICATION, DISTRIBUTION, ETC. (IMPRINT)
Place of publication New Delhi :
Name of publisher Asian Educational Services ,
Year of publication 1989.
300 ## - PHYSICAL DESCRIPTION
Number of Pages 759 ; .
942 ## - ADDED ENTRY ELEMENTS (KOHA)
Koha item type Books
Holdings
Withdrawn status Lost status Damaged status Collection code Home library Current library Date acquired Full call number Accession Number Koha item type
      Reference KAUAET KAUAET 07/04/2012 954.83.LOG/MA 18069 Reference
free website counter